<?xml version="1.0" encoding="UTF-8"?>
<collection xmlns="http://www.loc.gov/MARC21/slim">
 <record>
  <leader>     na                 </leader>
  <controlfield tag="001">INLIS000000000009769</controlfield>
  <controlfield tag="005">20220110082342</controlfield>
  <datafield tag="035" ind1=" " ind2=" ">
   <subfield code="a">0010-0721005028</subfield>
  </datafield>
  <controlfield tag="008">220110                g          0 ind  </controlfield>
  <datafield tag="245" ind1="1" ind2=" ">
   <subfield code="a">Hukum Kontrak Bernuansa Islam</subfield>
  </datafield>
  <datafield tag="100" ind1="1" ind2=" ">
   <subfield code="a">Miru, Ahmadi</subfield>
  </datafield>
  <datafield tag="250" ind1=" " ind2=" ">
   <subfield code="a">1</subfield>
  </datafield>
  <datafield tag="260" ind1=" " ind2=" ">
   <subfield code="a">Jakarta :</subfield>
   <subfield code="b">Rajawali Pers,</subfield>
   <subfield code="c">2012</subfield>
  </datafield>
  <datafield tag="300" ind1=" " ind2=" ">
   <subfield code="a">174 hlm. ;</subfield>
   <subfield code="c">21 cm.</subfield>
  </datafield>
  <datafield tag="020" ind1=" " ind2=" ">
   <subfield code="a">978-979-763-499-9</subfield>
  </datafield>
  <datafield tag="084" ind1=" " ind2=" ">
   <subfield code="a">346.022 MIR h</subfield>
  </datafield>
  <datafield tag="520" ind1=" " ind2=" ">
   <subfield code="a">Hukum Kontrak Bernuansa Islam Hukum kontrak bernuansa Islam, saai ini merupakan kebutuhan masyarakat Indonesia yang hidup di negara yang bukan negara Islam tapi mengakomodasi keinginan masyarakat Islam untuk bertransaksi sesuai agama yang dianutnya.Kecenderungan masyarakat untuk bertransaksi sesuai syariah sekarang ini dibuktikan dengan semakin banyaknya perbankan syariah, maupun yang hanya merupakan unit usaha syariah. Demikian pula lembaga keuangan lain sudah melakukan transaksi-transaksi syariah.Buku ini merespons kecenderungan masyarakat untuk bertransaksi secara syariah, sehingga buku yang diberi judul &quot;Hukum Kontrak Bernuansa Islam &quot; ini pada dasarnya membahas hukum kontrak yang berlaku secara umum dalam masyarakat, hanya saja buku ini dilengkapi dengan ketentuan-ketentuan syariah sehingga apabila kita bertransaksi dengan berpedoman pada ketentuan-ketentuan yang dibahas dalam buku ini, maka kontrak tersebut di samping sesuai dengan hukum yang berlaku di Indonesia, juga menghindarkan umat Islam tergelincir dalam transaksi yang haram. Hal ini bukan berarti bahwa masyarakat beragama lain tidak penting untuk membaca buku ini karena transaksi syariah bukan hanya dilakukan oleh orang yang beragama Islam tapi juga terbuka bagi masyarakat yang beragama lain.Begitu pentingnya buku ini sehingga perlu dimiliki tidak hanya oleh kalangan mahasiswa, tapi juga praktisi hukum, bahkan oleh masyarakat umum yang ingin mengetahui tentang hukum kontrak dan berhati-hati dalam bertransaksi.</subfield>
  </datafield>
  <datafield tag="082" ind1=" " ind2=" ">
   <subfield code="a">346.022</subfield>
  </datafield>
  <datafield tag="650" ind1=" " ind2="4">
   <subfield code="a">Hukum Kontrak</subfield>
  </datafield>
  <datafield tag="863" ind1=" " ind2=" ">
   <subfield code="a">1</subfield>
  </datafield>
  <datafield tag="990" ind1=" " ind2=" ">
   <subfield code="a">12931</subfield>
  </datafield>
  <datafield tag="990" ind1=" " ind2=" ">
   <subfield code="a">052810</subfield>
  </datafield>
  <datafield tag="990" ind1=" " ind2=" ">
   <subfield code="a">052815</subfield>
  </datafield>
  <datafield tag="990" ind1=" " ind2=" ">
   <subfield code="a">052815</subfield>
  </datafield>
  <datafield tag="990" ind1=" " ind2=" ">
   <subfield code="a">052815</subfield>
  </datafield>
  <datafield tag="990" ind1=" " ind2=" ">
   <subfield code="a">052815</subfield>
  </datafield>
  <datafield tag="990" ind1=" " ind2=" ">
   <subfield code="a">052810</subfield>
  </datafield>
  <datafield tag="990" ind1=" " ind2=" ">
   <subfield code="a">052811</subfield>
  </datafield>
  <datafield tag="990" ind1=" " ind2=" ">
   <subfield code="a">052812</subfield>
  </datafield>
  <datafield tag="990" ind1=" " ind2=" ">
   <subfield code="a">052813</subfield>
  </datafield>
  <datafield tag="990" ind1=" " ind2=" ">
   <subfield code="a">052814</subfield>
  </datafield>
  <datafield tag="990" ind1=" " ind2=" ">
   <subfield code="a">052812</subfield>
  </datafield>
  <datafield tag="990" ind1=" " ind2=" ">
   <subfield code="a">052810</subfield>
  </datafield>
  <datafield tag="990" ind1=" " ind2=" ">
   <subfield code="a">052811</subfield>
  </datafield>
  <datafield tag="990" ind1=" " ind2=" ">
   <subfield code="a">052813</subfield>
  </datafield>
  <datafield tag="990" ind1=" " ind2=" ">
   <subfield code="a">052814</subfield>
  </datafield>
 </record>
</collection>
